000 00697nam a22002297a 4500
003 UA-OsUOA
001 56362
007 ta
008 20081017b un ||||| |||| 00| 0 ukr d
100 _aРудченко О.Ю.
700 _aКлименко С.О.
090 _a330
_bР83
942 _cSA
040 _aUA-OsUOA
_bukr
_cUA-OsUOA
_dUA-OsUOA
245 _aФормування власного капіталу як складова розвитку малого підприємництва
300 _aС.54-63
955 _a0
041 _aukr
080 _a330
773 0 _w56358
_tФінанси України
_dК.
_d2008
_g6
650 7 _a330 Економіка взагалі
_2UDC
999 _c342447
_d342447